000 01147nmc a2200409 a 4500
003 AR-BaBNM
005 20251128205911.0
008 058019s1994 ||||||||||||||000 | spa||
020 _a987-9048-02-4
040 _cAR-BaBNM
100 1 _aBoixadós, Alberto
245 1 0 _aEl nuevo orden mundial y el movimiento de la New Age o humanismo cósmico
260 _aBuenos Aires
_bEdiciones Theoría
_c1994
300 0 _a187 p.
_bil.
490 0 _aBiblioteca de ensayistas contemporáneos
650 4 _aESTUDIOS CULTURALES
650 4 _aSOCIOLOGIA CULTURAL
650 4 _aFILOSOFIA CULTURAL
650 4 _aCONTRACULTURAS
650 4 _aMINORIAS CULTURALES
650 4 _aIDEOLOGIAS
650 4 _aIDENTIDAD CULTURAL
650 4 _aDEMOCRACIA
650 4 _aMEDIOS DE COMUNICACION
650 4 _aNACIONALISMO
650 4 _aRELIGION
650 4 _aCRISTIANISMO
650 4 _aACULTURACION
650 4 _aIMPERIALISMO
650 4 _aRELACIONES INTERNACIONALES
651 4 _aAmérica Latina
651 4 _aArgentina
653 0 _aFORMAS DE GOBIERNO
700 1 _aCaturelli, Alberto
_eprologuista
942 _cBK
998 _cMARTIN
999 _c13212
_d13212